| 000 | 00445pab a2200169 454500 | ||
|---|---|---|---|
| 008 | 180718b2010 xxu||||| |||| 00| 0 eng d | ||
| 100 | _aNaidu, Sirish C. | ||
| 245 | _aPrimary accumulation, capitalist nature and sustainability | ||
| 260 | _c2010 | ||
| 300 | _ap.39-45. | ||
| 362 | _a17 Jul | ||
| 650 | _aNatural resources | ||
| 700 | _aManolakos, Panayiotis T. | ||
| 773 | _aEconomic and Political Weekly | ||
| 908 | _aN | ||
| 909 | _a87168 | ||
| 999 |
_c87168 _d87168 |
||